Aus Der Hoffnung Leben: Zukunftserwartung in Christlichem Denken Living From Hope: Expections of the Future in Christian Thinking (Record no. 227508)
[ view plain ]
| 000 -LEADER | |
|---|---|
| fixed length control field | 00679nam a22002057a 4500 |
| 005 - DATE AND TIME OF LATEST TRANSACTION | |
| control field | 20230615103723.0 |
| 008 - FIXED-LENGTH DATA ELEMENTS--GENERAL INFORMATION | |
| fixed length control field | 230613b ||||| |||| 00| 0 eng d |
| 040 ## - CATALOGING SOURCE | |
| Transcribing agency | AL |
| 041 ## - LANGUAGE CODE | |
| Language code of text/sound track or separate title | German |
| 082 ## - DEWEY DECIMAL CLASSIFICATION NUMBER | |
| Edition number | 23 |
| Classification number | 241.4 |
| Item number | BORA |
| 100 ## - MAIN ENTRY--PERSONAL NAME | |
| Personal name | Ladislaus Boros |
| 100 ## - MAIN ENTRY--PERSONAL NAME | |
| 9 (RLIN) | 123989 |
| 245 ## - TITLE STATEMENT | |
| Title | Aus Der Hoffnung Leben: Zukunftserwartung in Christlichem Denken Living From Hope: Expections of the Future in Christian Thinking |
| 260 ## - PUBLICATION, DISTRIBUTION, ETC. | |
| Place of publication, distribution, etc. | Olten |
| Name of publisher, distributor, etc. | Walter Verlag |
| Date of publication, distribution, etc. | 1968 |
| 300 ## - PHYSICAL DESCRIPTION | |
| Extent | 121 p. |
| Other physical details | PB |
| Dimensions | 20x12 cm. |
| 650 ## - SUBJECT ADDED ENTRY--TOPICAL TERM | |
| Topical term or geographic name entry element | Hope--Religious aspects--Christianity |
| 9 (RLIN) | 123758 |
| 650 ## - SUBJECT ADDED ENTRY--TOPICAL TERM | |
| Topical term or geographic name entry element | Eschatology |
| 9 (RLIN) | 123759 |
| 690 ## - LOCAL SUBJECT ADDED ENTRY--TOPICAL TERM (OCLC, RLIN) | |
| Topical term or geographic name as entry element | Religion |
| 9 (RLIN) | 123990 |
| 700 ## - ADDED ENTRY--PERSONAL NAME | |
| Personal name | BOROS (Ladislaus) |
| 9 (RLIN) | 123760 |
| 942 ## - ADDED ENTRY ELEMENTS (KOHA) | |
| Source of classification or shelving scheme | Dewey Decimal Classification |
| Koha item type | Donated Books |
| Withdrawn status | Lost status | Source of classification or shelving scheme | Damaged status | Not for loan | Collection code | Home library | Current library | Date acquired | Total Checkouts | Full call number | Barcode | Date last seen | Price effective from | Koha item type | Public note |
|---|---|---|---|---|---|---|---|---|---|---|---|---|---|---|---|
| Dewey Decimal Classification | Others | St Aloysius Library | St Aloysius Library | 06/08/2023 | 241.4 BORA | D05755 | 06/13/2023 | 06/13/2023 | Donated Books | Donated by Fr.Leo Dsouza SJ |